000 00184 a2200097 4500
020 _a9780822531814
041 _aspa
100 _aNelson, Robin
245 _aSer Responsable
942 _cBK
999 _c6075
_d6075